[Event "Guernsey Open 2013"]
[Site "Guernsey GCI"]
[Date "2013.10.24"]
[Round "5"]
[White "Kuenstler, Siegfried"]
[Black "Riedener, Toni"]
[Result "0-1"]
[WhiteElo "1885"]
[BlackElo "2045"]
[PlyCount "82"]
[EventDate "2013.10.20"]
[EventType "swiss"]
[EventRounds "7"]

1. e4 c5 2. b3 d6 3. Bb2 Nc6 4. Bb5 Bd7 5. Nf3 Nf6 6. Nc3 a6 7. Bxc6 Bxc6 8. d3
e5 9. O-O g6 10. Nd2 Bh6 11. Ne2 O-O 12. f4 Ng4 13. Rf3 exf4 14. Nxf4 Ne5 15.
Rf1 Qb6 16. Kh1 Rae8 17. Nd5 Bxd5 18. exd5 Qd8 19. Ne4 f5 20. Nf2 Qh4 21. Bc1
Bxc1 22. Qxc1 Qd4 23. c4 Nxd3 24. Nxd3 Qxd3 25. Qf4 Re5 26. Rad1 Qe4 27. Qg3
Rfe8 28. h3 Qe3 29. Qh4 Kg7 30. Rfe1 Qc3 31. Rf1 Re2 32. Qg5 Qf6 33. Qg3 Rxa2
34. Rde1 Rae2 35. Rxe2 Rxe2 36. Re1 Qe5 37. Qxe5+ Rxe5 38. Rxe5 dxe5 39. Kg1
Kf7 40. Kf2 Ke7 41. h4 Kd6 0-1

[Event "Guernsey Open 2013"]
[Site "Guernsey GCI"]
[Date "2013.10.24"]
[Round "5"]
[White "Hermes, Geoff"]
[Black "Lewicki, Pawel"]
[Result "1-0"]
[WhiteElo "1995"]
[BlackElo "1875"]
[PlyCount "73"]
[EventDate "2013.10.20"]
[EventType "swiss"]
[EventRounds "7"]

1. e4 e6 2. d4 d5 3. e5 c5 4. c3 Nc6 5. Nf3 Qb6 6. a3 a5 7. b3 Bd7 8. Bb2 Nh6
9. Be2 Be7 10. h4 f6 11. O-O fxe5 12. dxe5 Ng4 13. c4 d4 14. Re1 O-O 15. Bd3 h6
16. Re4 Ngxe5 17. Nxe5 Nxe5 18. Rxe5 Bxh4 19. g3 Bf6 20. Re1 e5 21. Nd2 a4 22.
Rb1 Bc6 23. Be4 Bg5 24. Bxc6 Qxc6 25. Ne4 Rf5 26. Bc1 Raf8 27. Bxg5 hxg5 28.
Rb2 Rf3 29. Nxg5 R3f5 30. Qh5 Qh6 31. Qxh6 gxh6 32. Ne4 axb3 33. Rxb3 h5 34.
Kg2 h4 35. gxh4 R8f7 36. Rg3+ Kh8 37. Re2 1-0

[Event "Guernsey Open 2013"]
[Site "Guernsey GCI"]
[Date "2013.10.24"]
[Round "5"]
[White "Fassaert, Desire JM"]
[Black "Dijksterhuis, Rolf"]
[Result "0-1"]
[WhiteElo "1919"]
[BlackElo "1988"]
[PlyCount "46"]
[EventDate "2013.10.20"]
[EventType "swiss"]
[EventRounds "7"]

1. Nf3 d5 2. e3 c5 3. Bb5+ Nc6 4. c4 e6 5. Nc3 Nf6 6. O-O Bd7 7. d4 a6 8. cxd5
exd5 9. Be2 c4 10. Ne5 Bd6 11. Bf3 Be6 12. Nxc6 bxc6 13. e4 dxe4 14. Nxe4 Nxe4
15. Bxe4 O-O 16. Bxc6 Bxh2+ 17. Kxh2 Qc7+ 18. Kg1 Qxc6 19. Be3 Rab8 20. Qc2
Rfe8 21. b3 Bd5 22. Rfc1 Bxg2 23. bxc4 Qf3 0-1

[Event "Guernsey Open 2013"]
[Site "Guernsey GCI"]
[Date "2013.10.24"]
[Round "5"]
[White "Downey, Keith"]
[Black "Daly, Patrick"]
[Result "1-0"]
[WhiteElo "1950"]
[BlackElo "1865"]
[PlyCount "73"]
[EventDate "2013.10.20"]
[EventType "swiss"]
[EventRounds "7"]

1. Nf3 Nf6 2. c4 g6 3. Nc3 Bg7 4. g3 O-O 5. Bg2 c5 6. O-O Nc6 7. d4 cxd4 8.
Nxd4 Qb6 9. Nb3 d6 10. Be3 Qd8 11. h3 Ne5 12. Nd2 Nfd7 13. Rc1 Nb6 14. b3 Bd7
15. Kh2 Bc6 16. Ndb1 Bxg2 17. Kxg2 a6 18. Qd2 Rc8 19. Rfd1 Nbd7 20. Nd5 Nc5 21.
Bh6 f5 22. Bxg7 Kxg7 23. Nbc3 Qd7 24. Kh2 Qe6 25. Nf4 Qf7 26. Qd5 g5 27. Qxf7+
Rxf7 28. Nfd5 e6 29. Ne3 f4 30. gxf4 Rxf4 31. f3 Nf7 32. b4 Nd7 33. Ne4 d5 34.
cxd5 Rxc1 35. Rxc1 exd5 36. Nxd5 Nde5 37. Nxf4 1-0

[Event "Guernsey Open 2013"]
[Site "Guernsey GCI"]
[Date "2013.10.24"]
[Round "5"]
[White "Kirk, Matthew"]
[Black "Hickman, John"]
[Result "0-1"]
[WhiteElo "1740"]
[BlackElo "1986"]
[PlyCount "36"]
[EventDate "2013.10.20"]
[EventType "swiss"]
[EventRounds "7"]

1. d4 d6 2. c4 e5 3. Nf3 Nd7 4. Nc3 Ngf6 5. g3 g6 6. Bg2 Bg7 7. O-O O-O 8. d5
a5 9. e4 Nc5 10. Ne1 Qe7 11. Be3 Ng4 12. Bxc5 dxc5 13. h3 Nh6 14. Nd3 f5 15. f4
exf4 16. Nxf4 fxe4 17. Bxe4 Bxc3 18. bxc3 Qxe4 0-1

[Event "Guernsey Open 2013"]
[Site "Guernsey GCI"]
[Date "2013.10.24"]
[Round "5"]
[White "Gravett, Alan D"]
[Black "Casiot, David"]
[Result "0-1"]
[WhiteElo "1868"]
[BlackElo "1979"]
[PlyCount "102"]
[EventDate "2013.10.20"]
[EventType "swiss"]
[EventRounds "7"]

1. g3 e5 2. Bg2 Nc6 3. e4 Bc5 4. Ne2 d6 5. O-O Bg4 6. c3 Nf6 7. d3 O-O 8. h3
Bh5 9. a4 a6 10. Kh2 Qd7 11. Bg5 Ne8 12. g4 Bg6 13. Ng3 f6 14. Be3 Bf7 15. b4
Bxe3 16. fxe3 d5 17. exd5 Bxd5 18. e4 Be6 19. Nf5 Nd6 20. Ne3 Rad8 21. Nd5 Ne7
22. c4 c6 23. Nxe7+ Qxe7 24. c5 Nf7 25. Na3 Rd4 26. Nc2 Rd7 27. Qe2 Rfd8 28.
Rfd1 Bb3 29. Ra3 Bxc2 30. Qxc2 Rd4 31. Rb1 Ng5 32. b5 Ne6 33. bxc6 bxc6 34. Rb6
Nxc5 35. Rxc6 Nxd3 36. Rac3 Nf4 37. Rc7 Qf8 38. Rc8 h6 39. Rxd8 Rxd8 40. Bf1
Qd6 41. Rc8 a5 42. Rxd8+ Qxd8 43. Kg3 Kh7 44. Kf3 Qd6 45. Qb3 Qd2 46. Qc4 Ng6
47. Qd3 Qf4+ 48. Kg2 Nh4+ 49. Kh1 Nf3 50. Qe2 Nd4 51. Qd3 Qc1 0-1

[Event "Guernsey Open 2013"]
[Site "Guernsey GCI"]
[Date "2013.10.24"]
[Round "5"]
[White "Morcom, Huw"]
[Black "Murray, Steve"]
[Result "1/2-1/2"]
[WhiteElo "1976"]
[BlackElo "1844"]
[PlyCount "26"]
[EventDate "2013.10.20"]
[EventType "swiss"]
[EventRounds "7"]

1. e4 c5 2. b4 cxb4 3. a3 d5 4. e5 Nc6 5. f4 Bf5 6. Nf3 e6 7. axb4 Bxb4 8. c3
Ba5 9. Ba3 Bb6 10. d4 Nge7 11. Bd3 Rc8 12. O-O Qd7 13. Kh1 h6 1/2-1/2

[Event "Guernsey Open 2013"]
[Site "Guernsey GCI"]
[Date "2013.10.24"]
[Round "5"]
[White "Marley, Andrew"]
[Black "Dennis, Nigel"]
[Result "1/2-1/2"]
[WhiteElo "1905"]
[BlackElo "1845"]
[PlyCount "115"]
[EventDate "2013.10.20"]
[EventType "swiss"]
[EventRounds "7"]

1. e4 c5 2. c3 d5 3. exd5 Qxd5 4. d4 e6 5. Nf3 Nf6 6. Be2 Nc6 7. O-O Be7 8. Be3
Ng4 9. Bf4 O-O 10. h3 Nf6 11. Ne5 Nxe5 12. Bxe5 Qd8 13. Bf3 Bd6 14. Qe2 Bxe5
15. dxe5 Nd7 16. Na3 Rb8 17. Nb5 a6 18. Nd6 b5 19. Rad1 Qc7 20. Qe3 Rb6 21.
Rfe1 Rd8 22. Nxc8 Qxc8 23. Qd2 Rb8 24. Qg5 Nf8 25. Qe3 Qc7 26. Be4 b4 27. c4 a5
28. Bc2 Ng6 29. f4 Kf8 30. Kf2 Ke7 31. g3 Nf8 32. Qe4 Rxd1 33. Rxd1 Rd8 34.
Rxd8 Qxd8 35. Ke2 g6 36. Ba4 Qc7 37. h4 Nd7 38. Qa8 h5 39. Bb5 f6 40. exf6+
Nxf6 41. Qc6 Qxc6 42. Bxc6 Kd6 43. Bf3 a4 44. a3 e5 45. Ke3 exf4+ 46. Kxf4 Nd7
47. Be2 Ne5 48. Ke3 Ke7 49. Kf4 Kf6 50. Ke4 Ke6 51. Bf1 Kd6 52. Be2 Ke6 53. Kf4
Kf6 54. Bf1 Ke6 55. Kg5 Kf7 56. Be2 Kg7 57. Bf1 Kf7 58. Be2 1/2-1/2

[Event "Guernsey Open 2013"]
[Site "Guernsey GCI"]
[Date "2013.10.24"]
[Round "5"]
[White "Goris Schouwstra, Adry"]
[Black "Reutimann, Hans Peter"]
[Result "1/2-1/2"]
[WhiteElo "1903"]
[BlackElo "1830"]
[PlyCount "31"]
[EventDate "2013.10.20"]
[EventType "swiss"]
[EventRounds "7"]

1. d4 d5 2. Nf3 Bf5 3. e3 Nf6 4. Be2 e6 5. O-O Bd6 6. Nbd2 Nbd7 7. c4 c6 8. c5
Bc7 9. b4 Ne4 10. Bb2 Qf6 11. Rc1 h5 12. Ba1 h4 13. Nxe4 Bxe4 14. h3 Qg6 15.
Re1 Nf6 16. Bf1 1/2-1/2

[Event "Guernsey Open 2013"]
[Site "Guernsey GCI"]
[Date "2013.10.24"]
[Round "5"]
[White "Bakker, Joop"]
[Black "Hawkins, J Nick"]
[Result "1/2-1/2"]
[WhiteElo "1971"]
[BlackElo "1981"]
[PlyCount "37"]
[EventDate "2013.10.20"]
[EventType "swiss"]
[EventRounds "7"]

1. b3 e5 2. Bb2 d6 3. e3 Nf6 4. d4 exd4 5. exd4 Bg4 6. Be2 Bxe2 7. Nxe2 d5 8.
Ng3 Qd7 9. O-O Nc6 10. Nd2 O-O-O 11. Nf3 Ne4 12. Nxe4 dxe4 13. Ne5 Nxe5 14.
dxe5 Qxd1 15. Rfxd1 Bc5 16. Kf1 Rxd1+ 17. Rxd1 Rd8 18. Rxd8+ Kxd8 19. Ke2
1/2-1/2

[Event "Guernsey Open 2013"]
[Site "Guernsey GCI"]
[Date "2013.10.24"]
[Round "5"]
[White "Cummins, John"]
[Black "Burton, Ronnie"]
[Result "0-1"]
[WhiteElo "1844"]
[BlackElo "1993"]
[PlyCount "100"]
[EventDate "2013.10.20"]
[EventType "swiss"]
[EventRounds "7"]

1. e4 d6 2. d4 Nf6 3. Nc3 g6 4. Bc4 Bg7 5. Nge2 O-O 6. O-O Nxe4 7. Bxf7+ Rxf7
8. Nxe4 h6 9. c3 d5 10. N4g3 Qd6 11. Be3 Bg4 12. f3 Bf5 13. Qd2 Kh7 14. Rae1
Nc6 15. Nxf5 Rxf5 16. Ng3 Rf7 17. Re2 Raf8 18. f4 e6 19. Ref2 Ne7 20. Qc1 h5
21. Ne2 Nf5 22. Bd2 c5 23. dxc5 Qxc5 24. Kh1 Rc8 25. Rf3 Qc4 26. Nd4 Nxd4 27.
cxd4 Bxd4 28. b3 Qxc1 29. Bxc1 Rfc7 30. Be3 Bxe3 31. Rxe3 Rc1 32. Rfe1 Rxe1+
33. Rxe1 Rc6 34. g3 Kg7 35. Re2 Kf6 36. Kg2 Ke7 37. Kh3 Rd6 38. g4 hxg4+ 39.
Kxg4 Kf6 40. Kf3 Rc6 41. h4 Rc3+ 42. Kg4 b5 43. h5 gxh5+ 44. Kxh5 Kf5 45. Re5+
Kxf4 46. Rxe6 Re3 47. Ra6 d4 48. Rxa7 Kf3 49. Ra5 d3 50. Rxb5 d2 0-1

[Event "Guernsey Open 2013"]
[Site "Guernsey GCI"]
[Date "2013.10.25"]
[Round "6"]
[White "Tiviakov, Sergei"]
[Black "Houska, Jovanka"]
[Result "1-0"]
[WhiteElo "2652"]
[BlackElo "2401"]
[PlyCount "63"]
[EventDate "2013.10.20"]
[EventType "swiss"]
[EventRounds "7"]

1. e4 c6 2. d4 d5 3. Nd2 dxe4 4. Nxe4 Bf5 5. Ng3 Bg6 6. Nh3 e6 7. Nf4 Nf6 8. c3
Bd6 9. Qf3 Nbd7 10. Nxg6 hxg6 11. Bd3 Qc7 12. Bg5 O-O 13. O-O-O Qa5 14. h4 c5
15. Kb1 cxd4 16. cxd4 Rfc8 17. Ne4 Nxe4 18. Bxe4 Nb6 19. Bc1 Na4 20. h5 gxh5
21. Rxh5 Qb4 22. Qb3 Rab8 23. Qxb4 Bxb4 24. Bf4 g6 25. Rb5 Bc3 26. Bxb8 Rxb8
27. Bc2 a6 28. Rb3 Ba5 29. Ra3 b5 30. Bxa4 bxa4 31. Rxa4 Bc3 32. Kc2 1-0

[Event "Guernsey Open 2013"]
[Site "Guernsey GCI"]
[Date "2013.10.25"]
[Round "6"]
[White "Colin, Vincent"]
[Black "Hebden, Mark"]
[Result "0-1"]
[WhiteElo "2412"]
[BlackElo "2548"]
[PlyCount "64"]
[EventDate "2013.10.20"]
[EventType "swiss"]
[EventRounds "7"]

1. d4 Nf6 2. c4 g6 3. Nc3 Bg7 4. e4 d6 5. f4 O-O 6. Nf3 c5 7. d5 e6 8. Be2 exd5
9. exd5 Re8 10. O-O Bf5 11. Bd3 Qd7 12. Qc2 Bxd3 13. Qxd3 Na6 14. a3 Nc7 15.
Bd2 b5 16. cxb5 Reb8 17. b4 cxb4 18. axb4 Nxb5 19. Ra5 Nxc3 20. Bxc3 Qb7 21.
Kh1 Re8 22. f5 Rac8 23. fxg6 fxg6 24. Bd4 a6 25. Rxa6 Qxd5 26. Ra7 Bh8 27. Qb1
Re4 28. Rd1 Rxd4 29. Rxd4 Qe6 30. h3 d5 31. Rh4 Qe3 32. Kh2 Qxa7 0-1

[Event "Guernsey Open 2013"]
[Site "Guernsey GCI"]
[Date "2013.10.25"]
[Round "6"]
[White "Schmitz, Andreas Arnold"]
[Black "Hagesaether, Arne"]
[Result "0-1"]
[WhiteElo "2049"]
[BlackElo "2140"]
[PlyCount "74"]
[EventDate "2013.10.20"]
[EventType "swiss"]
[EventRounds "7"]

1. e4 c6 2. Nc3 d5 3. Qf3 dxe4 4. Nxe4 Nd7 5. d4 Ngf6 6. c3 Nxe4 7. Qxe4 Nf6 8.
Qc2 Qd5 9. Nf3 Bf5 10. Bd3 Bxd3 11. Qxd3 e6 12. Bf4 Be7 13. O-O O-O 14. Rfe1
Rfd8 15. Bc7 Rdc8 16. Be5 h6 17. Nd2 Nd7 18. Qh3 Bf6 19. Bxf6 Nxf6 20. Re5 Qd8
21. Rae1 c5 22. Nb3 cxd4 23. Nxd4 a6 24. g4 Qd6 25. Qg2 Nd7 26. R5e3 Rc5 27. b4
Rd5 28. h4 Qf4 29. Ne2 Qf6 30. c4 Rd2 31. g5 hxg5 32. hxg5 Qf5 33. Qxb7 Rb8 34.
Qxa6 Ne5 35. Qa7 Rbd8 36. f4 Nxc4 37. Qc7 Nxe3 0-1

[Event "Guernsey Open 2013"]
[Site "Guernsey GCI"]
[Date "2013.10.25"]
[Round "6"]
[White "Prakken, Gerrit"]
[Black "Hamperl, Fred A"]
[Result "1/2-1/2"]
[WhiteElo "2195"]
[BlackElo "2129"]
[PlyCount "80"]
[EventDate "2013.10.20"]
[EventType "swiss"]
[EventRounds "7"]

1. Nf3 c5 2. c4 g6 3. d4 Bg7 4. Nc3 d6 5. e3 Nh6 6. Be2 O-O 7. O-O f5 8. d5 Nf7
9. Bd2 Nd7 10. Rb1 Nde5 11. b4 Nxf3+ 12. Bxf3 b6 13. Be2 e5 14. dxe6 Bxe6 15.
Nd5 Bxd5 16. cxd5 Qe7 17. f4 Rac8 18. Qb3 cxb4 19. Bxb4 Bc3 20. Rf3 Bxb4 21.
Qxb4 Rc2 22. Rb2 Rfc8 23. Bf1 Rxb2 24. Qxb2 Qe4 25. Qd4 Rc5 26. Qxe4 fxe4 27.
Rf2 Rxd5 28. Rb2 Kf8 29. Rb4 Rd2 30. Rxe4 Rxa2 31. Bb5 Nh6 32. h3 Nf5 33. g4
Ne7 34. Rd4 d5 35. e4 dxe4 36. Rd8+ Kg7 37. Rd7 Kf8 38. Rd8+ Kg7 39. Rd7 Kf8
40. Rd8+ Kg7 1/2-1/2

[Event "Guernsey Open 2013"]
[Site "Guernsey GCI"]
[Date "2013.10.25"]
[Round "6"]
[White "Lenier, Jude"]
[Black "Adrian, Claude"]
[Result "1-0"]
[WhiteElo "2121"]
[BlackElo "2238"]
[PlyCount "59"]
[EventDate "2013.10.20"]
[EventType "swiss"]
[EventRounds "7"]

1. e4 e6 2. Nf3 d5 3. e5 c5 4. b4 cxb4 5. d4 Nc6 6. a3 f6 7. axb4 fxe5 8. b5
Nxd4 9. Nxe5 Qh4 10. g4 Bc5 11. Bb2 Nf5 12. Qf3 Ngh6 13. gxf5 O-O 14. Bd3 Nxf5
15. Rg1 Nd4 16. Qg2 Qf6 17. Ng4 Nxc2+ 18. Bxc2 Qxb2 19. Bxh7+ Kh8 20. Qh3 Qc1+
21. Ke2 Rxf2+ 22. Nxf2 Qxg1 23. Ng4 e5 24. Bg6+ Kg8 25. Nf6+ Kf8 26. Qh8+ Ke7
27. Nxd5+ Kd6 28. Qd8+ Bd7 29. Qe7+ Kxd5 30. Qxd7+ 1-0

[Event "Guernsey Open 2013"]
[Site "Guernsey GCI"]
[Date "2013.10.25"]
[Round "6"]
[White "Dilleigh, Steve"]
[Black "Wismayer, Clive R"]
[Result "1/2-1/2"]
[WhiteElo "2135"]
[BlackElo "2110"]
[PlyCount "56"]
[EventDate "2013.10.20"]
[EventType "swiss"]
[EventRounds "7"]

1. d4 e6 2. c4 Bb4+ 3. Bd2 a5 4. Nc3 f5 5. e3 Nf6 6. Bd3 O-O 7. Nge2 d6 8. a3
Bxc3 9. Nxc3 Qe7 10. O-O Nc6 11. f4 e5 12. d5 e4 13. Be2 Nb8 14. b4 b6 15. Qc2
Na6 16. Rab1 Bd7 17. bxa5 bxa5 18. Nb5 Bxb5 19. Rxb5 a4 20. Qxa4 Nc5 21. Qc2
Rxa3 22. Rfb1 Raa8 23. Bc3 h6 24. Bd4 Nfd7 25. Ra1 Kh7 26. Rbb1 Rg8 27. Rxa8
Rxa8 28. Ra1 Rxa1+ 1/2-1/2

[Event "Guernsey Open 2013"]
[Site "Guernsey GCI"]
[Date "2013.10.25"]
[Round "6"]
[White "Purdon, Colin"]
[Black "Fruteau, Sabine"]
[Result "1/2-1/2"]
[WhiteElo "2132"]
[BlackElo "2067"]
[PlyCount "90"]
[EventDate "2013.10.20"]
[EventType "swiss"]
[EventRounds "7"]

1. d4 Nf6 2. c4 e6 3. Nc3 c5 4. d5 exd5 5. cxd5 d6 6. e4 g6 7. Nf3 Bg7 8. h3
O-O 9. Bd3 a6 10. a4 Qc7 11. O-O Nbd7 12. Bf4 Ne8 13. Re1 Ne5 14. Nxe5 dxe5 15.
Be3 b6 16. Rc1 Nd6 17. b4 f5 18. a5 c4 19. Bxb6 Qe7 20. Be2 Bd7 21. Bc5 Bb5 22.
Qd2 Rfd8 23. Ra1 Qh4 24. Bf3 Rd7 25. Be3 f4 26. Bc5 h5 27. Kh2 Qf6 28. Qc2 Bf8
29. Na4 Rh7 30. Nb6 Rb8 31. Qd1 Nb7 32. Bxf8 Qxf8 33. d6 Qxd6 34. Qd5+ Qxd5 35.
Nxd5 Rf7 36. Rac1 Nd6 37. Red1 Kf8 38. Rd2 Rd7 39. Rcd1 Ne8 40. Be2 Rbd8 41.
Rc1 Nf6 42. Bf3 Kf7 43. Rdc2 Nxd5 44. exd5 Ke7 45. h4 Rd6 1/2-1/2

[Event "Guernsey Open 2013"]
[Site "Guernsey GCI"]
[Date "2013.10.25"]
[Round "6"]
[White "Minnican, Alan"]
[Black "Hoare, Amy"]
[Result "1-0"]
[WhiteElo "2135"]
[BlackElo "1930"]
[PlyCount "97"]
[EventDate "2013.10.20"]
[EventType "swiss"]
[EventRounds "7"]

1. Nf3 Nf6 2. c4 e6 3. g3 d5 4. b3 Be7 5. Bg2 O-O 6. Bb2 c5 7. e3 Nc6 8. O-O b6
9. Qe2 Bb7 10. Rd1 Rc8 11. cxd5 Nxd5 12. d4 cxd4 13. Nxd4 Nxd4 14. Bxd4 Bf6 15.
Na3 Bxd4 16. Rxd4 Qe7 17. Nc4 b5 18. Na5 Nc3 19. Qd2 Bxg2 20. Kxg2 Qa3 21. Nb7
Nd5 22. e4 Qa6 23. exd5 Qxb7 24. Kg1 exd5 25. Rxd5 h6 26. Rd1 Rc7 27. Qd3 a6
28. b4 Qb6 29. Rd6 Rc6 30. Qd4 Rxd6 31. Qxd6 Qxd6 32. Rxd6 Ra8 33. Rb6 Kf8 34.
Kg2 Ke7 35. h4 Kd7 36. Rb7+ Ke6 37. Kf3 Kf6 38. Kf4 g5+ 39. Kg4 Re8 40. Rb6+
Re6 41. Rxe6+ fxe6 42. hxg5+ hxg5 43. f4 gxf4 44. Kxf4 e5+ 45. Ke4 Ke6 46. g4
Kf6 47. Kd5 Kg5 48. Kxe5 Kxg4 49. Kd5 1-0

[Event "Guernsey Open 2013"]
[Site "Guernsey GCI"]
[Date "2013.10.25"]
[Round "6"]
[White "Jackson, Oliver"]
[Black "Hewson, Brian WR"]
[Result "1-0"]
[WhiteElo "2157"]
[BlackElo "2034"]
[PlyCount "47"]
[EventDate "2013.10.20"]
[EventType "swiss"]
[EventRounds "7"]

1. e4 c6 2. d4 d5 3. Nc3 g6 4. Be3 Bg7 5. Qd2 b6 6. O-O-O Ba6 7. Bxa6 Nxa6 8.
Nf3 dxe4 9. Nxe4 Qd5 10. Nc3 Qa5 11. Ne5 Rc8 12. Qe2 Nb8 13. Qc4 Nh6 14. h4 O-O
15. h5 b5 16. Qb3 b4 17. Ne4 Qd5 18. hxg6 Qxe4 19. Rxh6 Bxh6 20. gxf7+ Kg7 21.
Bxh6+ Kxh6 22. Qg3 Qg6 23. Rh1+ Kg7 24. Rxh7+ 1-0

[Event "Guernsey Open 2013"]
[Site "Guernsey GCI"]
[Date "2013.10.25"]
[Round "6"]
[White "Spanton, Timothy"]
[Black "Reijneveld, Ad"]
[Result "1/2-1/2"]
[WhiteElo "2030"]
[BlackElo "2135"]
[PlyCount "42"]
[EventDate "2013.10.20"]
[EventType "swiss"]
[EventRounds "7"]

1. e4 c5 2. d4 cxd4 3. c3 g6 4. cxd4 d5 5. Nc3 dxe4 6. Bc4 Nf6 7. Qb3 e6 8. d5
exd5 9. Nxd5 Nxd5 10. Bxd5 Qe7 11. Qc3 Qb4 12. Bd2 Qxc3 13. Bxc3 Rg8 14. O-O-O
Nc6 15. Bxe4 Be6 16. Nf3 Be7 17. Kb1 Rd8 18. Rxd8+ Kxd8 19. Rd1+ Kc8 20. Nd4
Nxd4 21. Rxd4 Rd8 1/2-1/2

[Event "Guernsey Open 2013"]
[Site "Guernsey GCI"]
[Date "2013.10.25"]
[Round "6"]
[White "Milnes, Anthony CP"]
[Black "Hillarp Persson, Tiger"]
[Result "0-1"]
[WhiteElo "2054"]
[BlackElo "2557"]
[PlyCount "80"]
[EventDate "2013.10.20"]
[EventType "swiss"]
[EventRounds "7"]

1. f4 b5 2. Nf3 e6 3. e4 Bb7 4. d3 c5 5. Be2 Nc6 6. O-O d6 7. Be3 Nf6 8. Kh1
Be7 9. Qe1 O-O 10. Nc3 b4 11. Nd1 a5 12. Nf2 a4 13. g4 d5 14. e5 Nd7 15. d4
cxd4 16. Nxd4 Qb6 17. Qd2 Bc5 18. Rad1 Rac8 19. c3 a3 20. bxa3 bxc3 21. Qxc3 g5
22. Rb1 Nxd4 23. Bxd4 Bxd4 24. Rxb6 Rxc3 25. Rxb7 Nc5 26. Rb4 Bxf2 27. Rxf2
gxf4 28. Rbxf4 Rxa3 29. Bb5 Ne4 30. Rc2 Rb8 31. Be2 Rb7 32. Rf3 Rba7 33. Bd3
Ng5 34. Rg3 h6 35. Kg1 Kg7 36. Kf1 Rxa2 37. Rxa2 Rxa2 38. h4 Nh7 39. Rg2 Rxg2
40. Kxg2 Nf8 0-1

[Event "Guernsey Open 2013"]
[Site "Guernsey GCI"]
[Date "2013.10.25"]
[Round "6"]
[White "Heppell, Ian N"]
[Black "Murray, Jim"]
[Result "1/2-1/2"]
[WhiteElo "2106"]
[BlackElo "1868"]
[PlyCount "78"]
[EventDate "2013.10.20"]
[EventType "swiss"]
[EventRounds "7"]

1. e4 e6 2. d4 d5 3. Nc3 Bb4 4. Bd3 dxe4 5. Bxe4 Nf6 6. Bg5 c5 7. Nge2 Bxc3+ 8.
bxc3 h6 9. Bxf6 Qxf6 10. O-O O-O 11. Rb1 Nc6 12. Qd3 Rd8 13. Bxc6 bxc6 14. Qc4
cxd4 15. cxd4 e5 16. dxe5 Qxe5 17. Qxc6 Be6 18. Rfe1 Rac8 19. Qa4 Qc5 20. Red1
Rxd1+ 21. Rxd1 Qxc2 22. Qxc2 Rxc2 23. Nd4 Rxa2 24. Nxe6 fxe6 25. h4 Kf7 26.
Rd7+ Kf6 27. g3 a5 28. Kg2 a4 29. Ra7 h5 30. Ra6 a3 31. Kf3 Ra1 32. Kf4 a2 33.
Kf3 g5 34. hxg5+ Kxg5 35. Ra5+ Kf6 36. Kf4 e5+ 37. Kf3 Kf5 38. Kg2 Ke4 39. Ra3
Kf5 1/2-1/2

[Event "Guernsey Open 2013"]
[Site "Guernsey GCI"]
[Date "2013.10.25"]
[Round "6"]
[White "Klein, Gernot"]
[Black "Wager, John"]
[Result "1/2-1/2"]
[WhiteElo "1942"]
[BlackElo "2105"]
[PlyCount "147"]
[EventDate "2013.10.20"]
[EventType "swiss"]
[EventRounds "7"]

1. e4 Nc6 2. Nf3 d6 3. d4 Nf6 4. Nc3 Bg4 5. Be2 e6 6. Be3 Be7 7. Nd2 Bxe2 8.
Qxe2 O-O 9. O-O d5 10. exd5 exd5 11. Rfe1 Re8 12. a3 Qd7 13. h3 a6 14. Nf3 Bd6
15. Qd3 h6 16. Rad1 Re6 17. Bd2 Rae8 18. Rxe6 Rxe6 19. Re1 Rxe1+ 20. Nxe1 Ne7
21. Nf3 Ng6 22. Ne2 c6 23. Be3 Ne4 24. Nd2 Nf6 25. Nf3 Qe7 26. Qf5 Qe6 27. Qxe6
fxe6 28. g3 Kf7 29. Nc1 Nd7 30. Nd3 b6 31. Nb4 Nb8 32. Nd3 Nd7 33. Nb4 Bxb4 34.
axb4 Kf6 35. Kf1 Ke7 36. Ke2 Kd6 37. h4 b5 38. h5 Nh8 39. Bf4+ Ke7 40. Ne5 Nxe5
41. Bxe5 Kf8 42. f4 Nf7 43. Kd2 Nd8 44. b3 Kf7 45. Bc7 Nb7 46. Ke3 Ke7 47. Be5
Nd6 48. g4 Ne8 49. g5 Kf7 50. Kf3 Kg8 51. Kg4 Kf7 52. Bb8 Ke7 53. Be5 Kf7 54.
Kf3 Kg8 55. Ke3 Kf7 56. Kf3 Kf8 57. c4 Kf7 58. c5 Kf8 59. Ke3 Kf7 60. Kf3 Kf8
61. Kg4 Kf7 62. Bd6 g6 63. Be5 gxh5+ 64. Kxh5 hxg5 65. fxg5 Ng7+ 66. Kh6 Nf5+
67. Kh5 Ne7 68. Bf6 Ng6 69. Kh6 Nf4 70. Be5 Ng6 71. Kh7 Ne7 72. Bf6 Ng6 73. Be5
Ne7 74. Bf6 1/2-1/2

[Event "Guernsey Open 2013"]
[Site "Guernsey GCI"]
[Date "2013.10.25"]
[Round "6"]
[White "Campbell, Ian"]
[Black "Collier, David"]
[Result "1/2-1/2"]
[WhiteElo "2004"]
[BlackElo "2074"]
[PlyCount "37"]
[EventDate "2013.10.20"]
[EventType "swiss"]
[EventRounds "7"]

1. d4 g6 2. e3 Bg7 3. Nf3 d6 4. c4 Nd7 5. Nc3 e5 6. Be2 Ne7 7. O-O O-O 8. Qc2
exd4 9. Nxd4 Ne5 10. Rd1 b6 11. b3 Bb7 12. Bb2 Qd7 13. Rac1 Rac8 14. h3 Rfe8
15. a3 a6 16. Nd5 Nxd5 17. cxd5 c5 18. dxc6 Nxc6 19. Nxc6 1/2-1/2

[Event "Guernsey Open 2013"]
[Site "Guernsey GCI"]
[Date "2013.10.25"]
[Round "6"]
[White "Havenaar, Jan"]
[Black "Dijksterhuis, Rolf"]
[Result "1-0"]
[WhiteElo "2072"]
[BlackElo "1988"]
[PlyCount "121"]
[EventDate "2013.10.20"]
[EventType "swiss"]
[EventRounds "7"]

1. e4 e5 2. Nf3 Nf6 3. Nxe5 d6 4. Nf3 Nxe4 5. d4 d5 6. Bd3 Be7 7. O-O O-O 8. c4
Nc6 9. Nc3 Nf6 10. Ne5 Nb4 11. c5 Nxd3 12. Qxd3 Ng4 13. Bf4 Nxe5 14. Bxe5 c6
15. Rfe1 Bf6 16. Qf3 Bxe5 17. Rxe5 Qh4 18. Qd3 Bd7 19. g3 Qf6 20. Rae1 Rfe8 21.
R1e3 Rxe5 22. Rxe5 Re8 23. Qe3 Rxe5 24. Qxe5 Qxe5 25. dxe5 f6 26. exf6 g6 27.
Ne2 Kf7 28. f4 Kxf6 29. Nd4 g5 30. Kf2 gxf4 31. gxf4 Bg4 32. b4 Bd1 33. Ke3 Bg4
34. b5 Bd7 35. a4 Be8 36. Kd3 Bg6+ 37. Kc3 Be8 38. Kb4 Ke7 39. Ka5 Kd8 40. b6
a6 41. Kb4 Ke7 42. Kc3 Kf6 43. a5 Bd7 44. Kd3 Be8 45. Ke3 Bd7 46. Kf3 Bc8 47.
Kg3 Bd7 48. Kh4 Be8 49. Kg4 h6 50. Kh4 Bd7 51. Kh5 Kg7 52. Nc2 Be8+ 53. Kh4 Bd7
54. Nb4 Bc8 55. Kh5 d4 56. Kh4 Kf6 57. Kg3 Ke7 58. Kf3 Kf6 59. Nc2 Ke6 60. Ke4
d3 61. Nd4+ 1-0

[Event "Guernsey Open 2013"]
[Site "Guernsey GCI"]
[Date "2013.10.25"]
[Round "6"]
[White "Riedener, Toni"]
[Black "Von Saldern, Ruediger"]
[Result "1/2-1/2"]
[WhiteElo "2045"]
[BlackElo "1962"]
[PlyCount "37"]
[EventDate "2013.10.20"]
[EventType "swiss"]
[EventRounds "7"]

1. d4 d5 2. c4 e6 3. Nc3 Nf6 4. cxd5 exd5 5. Bg5 Be7 6. e3 O-O 7. Bd3 Re8 8.
Qc2 h6 9. Bh4 c6 10. Nge2 Nbd7 11. O-O Nf8 12. Bxf6 Bxf6 13. b4 Bd7 14. b5 Rc8
15. bxc6 Bxc6 16. Qb3 Qa5 17. Bf5 Rcd8 18. Nf4 Be7 19. a4 1/2-1/2

[Event "Guernsey Open 2013"]
[Site "Guernsey GCI"]
[Date "2013.10.25"]
[Round "6"]
[White "Bolt, Graham"]
[Black "Downey, Keith"]
[Result "1/2-1/2"]
[WhiteElo "2026"]
[BlackElo "1950"]
[PlyCount "40"]
[EventDate "2013.10.20"]
[EventType "swiss"]
[EventRounds "7"]

1. g3 c5 2. Bg2 Nc6 3. Nc3 g6 4. d3 Bg7 5. Nf3 d6 6. Bd2 e6 7. Rb1 Nge7 8. a3
Rb8 9. b4 cxb4 10. axb4 b5 11. O-O O-O 12. e3 a6 13. Ne2 Bb7 14. c4 Qd7 15. Qb3
Rfc8 16. Rfc1 bxc4 17. dxc4 Nxb4 18. Qxb4 Bxf3 19. Qxb8 Bxg2 20. Qb3 Be4
1/2-1/2